Effectif Liverpool FC 2024-2025 - Statistiques

Statistiques générales
  • Ce quiz a été pris 142 fois
  • Le résultat moyen est 19 sur 33
Statistiques - réponses
Poste Principal Nationnalité Numéro Réponse % Correct
Gardien Brésilien 1 Alisson
96%
Défenseur Central Français 5 Ibrahima Konaté
93%
Attaquant Droit Egyptien 11 Mohamed Salah
92%
Défenseur Central Néerlandais 4 Virgil Van Dijk
92%
Buteur Uruguayen 9 Darwin Nunez
88%
Défenseur Droit Anglais 66 Trent Alexander-Arnold
88%
Défenseur Gauche Ecossais 26 Andrew Robertson
87%
Milieu de Terrain Argentin 10 Alexis Mac Allister
86%
Attaquant Gauche Colombien 7 Luis Diaz
86%
Attaquant Gauche Néerlandais 18 Cody Gakpo
85%
Attaquant Droit Italien 14 Frederico Chiesa
77%
Défenseur Gauche Grec 21 Konstantinos Tsimikas
77%
Buteur Portugais 20 Diogo Jota
76%
Défenseur Central Anglais 2 Joe Gomez
74%
Milieu de Terrain Néerlandais 38 Ryan Gravenberch
73%
Milieu de Terrain Japonais 3 Wataru Endo
73%
Milieu de Terrain Anglais 19 Harvey Elliott
70%
Entraineur Néerlandais / Arne Slot
68%
Gardien Nord-Irlandais 62 Caoimhin Kelleher
66%
Milieu de Terrain Hongrois 8 Dominik Szoboszlai
66%
Milieu de Terrain Anglais 17 Curtis Jones
65%
Défenseur Droit Anglais 84 Conor Bradley
62%
Défenseur Central Anglais 78 Jarell Quansah
58%
Gardien Tchéque 56 Vitezslav Jaros
22%
Buteur Anglais 76 Jayden Danns
21%
Milieu de Terrain Anglais 98 Trey Nyoni
17%
Milieu de Terrain Anglais 80 Tyler Morton
16%
Milieu de Terrain Anglais 53 James McConnell
13%
Milieu de Terrain Anglais 65 Amara Nallo
5%
Gardien Anglais 1 Harvey Davies
4%
Défenseur Gauche Anglais 77 James Norris
2%
Buteur Anglais 73 Ranel Young
2%
Attaquant Gauche Anglais 73 Rio Ngumuoha
0%
Aucun quiz correspondant
Distribution des résultats
% des personnes avec chaque résultat
Percentile par nombre de réponses
Votre historique - résultats
Vous n’avez pas pris ce quiz